| 000 | 01675nam a2200241 a 4500 | ||
|---|---|---|---|
| 001 | 000008590 | ||
| 005 | 20210203203406.0 | ||
| 008 | 090917t1943 dr r 010 0 spa d | ||
| 040 |
_aDO-SdBNP _bspa _cBNPHU |
||
| 041 | 1 | 7 |
_aspa _2eng _hfre |
| 082 | _aF-RD 40 | ||
| 245 | 0 | 0 | _aReconocimiento al gobierno del honorable presidente Trujillo por su ayuda al esfuerzo de guerra aliado. |
| 246 | 1 | 0 | _aGratitude to the goverment of the honorable president Trujillo for its support to the allied war effort. |
| 246 | 1 | 0 | _aReconnaissance au governement de lʻHonorable Président Trujillo pour son assistance dans lʻEffort de guerre allié. |
| 260 |
_aCiudad Trujillo, República Dominicana : _bLa Nación, _c1943. |
||
| 300 |
_a[26 p.] ; _c25 cm. |
||
| 505 | 0 |
_tCarta del Honorable Presidente Roosevelt, de Estados Unidos de América, al Honorable Presidente Trujillo, de la República Dominicana, junio 15 1942 -- _tLetter from the Honorable President Roosevelt, of the United States of America, to the honorable President Trujillo, of the Dominican Republic -- _tLettre de lʻHonorable Président Roosevelt, des Etats Unis dʻAmerique, a lʻ Honorable Président Trujillo, de la République Dominicaine. |
|
| 600 | 1 | 0 |
_aTrujillo Molina, Rafael Leónidas, _d1891-1961 _vCorrespondencias, memorias, etc. _954950 |
| 651 | 4 |
_aRepública Dominicana _xRelaciones Exteriores _zEstados Unidos _xCorrespondencia, Memorias Etc. _923006 |
|
| 651 | 4 |
_aEstados Unidos _xRelaciones Exteriores _zRepública Dominicana _xCorrespondencia, Memorias Etc. _923007 |
|
| 651 | 4 |
_aRepública Dominicana _xPolítica Y Gobierno _yERA DE TRUJILLO, 1930-1961 _91374 |
|
| 910 | _aValidado. Control de calidad. EMS | ||
| 999 |
_c8360 _d8360 |
||